LEADER 01537nam 2200373 n 450 001 996393226403316 005 20221108040255.0 035 $a(CKB)4940000000112495 035 $a(EEBO)2240940330 035 $a(UnM)99872184 035 $a(EXLCZ)994940000000112495 100 $a19840208d1660 uy | 101 0 $aeng 135 $aurbn||||a|bb| 200 12$aA continuation of the grand conspiracy by the insolent usurper and the regal intruder$b[electronic resource]$eDescribed in the two following sermons. /$fBy J.A. a suffering son of the Church of England 210 $a[London $cPrinted for R. Royston, at the Angel in Ivy-lane$d1660] 215 $a[4], 80 p 300 $aJ.A. = John Allington. 300 $a"The impudent usurper" and "The regall intruder" each have separate dated title page with imprint "London. Printed for R. Royston, at the Angel in Ivy-lane, 1660"; register and pagination are continuous. 300 $aAnnotation on Thomason copy: "Aprill". 300 $aReproduction of the original in the British Library. 327 $aThe impudent usurper -- The regall intruder. 330 $aeebo-0018 606 $aSermons, English$y17th century 615 0$aSermons, English 700 $aAllington$b John$fd. 1682.$0819236 801 0$bCu-RivES 801 1$bCu-RivES 801 2$bCStRLIN 801 2$bWaOLN 906 $aBOOK 912 $a996393226403316 996 $aA continuation of the grand conspiracy by the insolent usurper and the regal intruder$92421268 997 $aUNISA LEADER 01826oas 2200697 a 450 001 9910338726803321 005 20251105213014.0 011 $a1944-7361 035 $a(OCoLC)60626565 035 $a(CONSER) 2008202652 035 $a(CKB)954925555420 035 $a(EXLCZ)99954925555420 100 $a20050614a19879999 sy a 101 0 $aeng 135 $aurun||||||||| 181 $ctxt$2rdacontent 182 $cc$2rdamedia 183 $acr$2rdacarrier 200 10$aACI structural journal 210 $aDetroit, Mich. $cAmerican Concrete Institute 215 $a1 online resource 300 $aRefereed/Peer-reviewed 311 08$a0889-3241 517 3 $aAmerican Concrete Institute structural journal 517 3 $aStructural journal 531 0 $aACI struct. j. 606 $aConcrete construction$vPeriodicals 606 $aConcrete$vPeriodicals 606 $aConstruction en be?ton$vPe?riodiques 606 $aBe?ton$vPe?riodiques 606 $aConcrete$2fast$3(OCoLC)fst00874126 606 $aConcrete construction$2fast$3(OCoLC)fst00874261 608 $aPeriodicals.$2fast 615 0$aConcrete construction 615 0$aConcrete 615 6$aConstruction en be?ton 615 6$aBe?ton 615 7$aConcrete. 615 7$aConcrete construction. 676 $a624.1 712 02$aAmerican Concrete Institute 801 0$bOCLCS 801 1$bOCLCS 801 2$bBUF 801 2$bDLC 801 2$bOCLCQ 801 2$bOCLCF 801 2$bOCLCO 801 2$bCUI 801 2$bOCLCQ 801 2$bAUD 801 2$bOCLCQ 801 2$bIOY 801 2$bOCLCL 801 2$bLVT 801 2$bOCLCL 801 2$bOCLCQ 906 $aJOURNAL 912 $a9910338726803321 996 $aACI structural journal$9802092 997 $aUNINA